Aplikácia základných modelov rastu v podmienkach SR bakalárska práca

Saved in:
Bibliographic Details
Main Author: Špaňúrová, Darina
Corporate Author: Fakulta hospodárskej informatiky EU. Katedra operačného výskumu a ekonometrie
Other Authors: Surmanová, Kvetoslava
Format: Book
Language:Slovak
Published: Bratislava 2017
Tags: Add Tag
No Tags, Be the first to tag this record!

MARC

LEADER 00000nbm a2200000 4500
001 0235501
005 20240916084612.0
041 0 |a slo 
044 |a SK 
245 1 0 |a Aplikácia základných modelov rastu v podmienkach SR  |b bakalárska práca  |c Darina Špaňúrová ; školiteľ: Kvetoslava Surmanová 
264 1 |a Bratislava  |c 2017 
300 |a 33 s. 
100 1 |a Špaňúrová, Darina 
700 1 |a Surmanová, Kvetoslava 
710 2 |a Fakulta hospodárskej informatiky EU. Katedra operačného výskumu a ekonometrie